00857nam a22002177a 450000500170000000800410001702000150005804000090007304100080008208200220009010000180011224500490013026000330017930000280021236500190024052003080025965000140056765000200058165000180060170000200061920220406150827.0220406b ||||| |||| 00| 0 eng d a0140139451 cAloy aeng 223a320.092bEVAD aRichard Evans aDeng Xiaoping and the making of modern China aEnglandbPenguin Booksc1998 axi,353 p.bPBc20x13 p. b5.00c£d5.00 aCredited as the architect that brought the Chinese economy into the global market, Deng Xiaoping is considered one of China’s greatest leaders. From his peasant upbringing, to his political rise in Bejing, this complete biography gives a rare look inside the private life of the celebrated politician. aBiography aNational Leader aMending China aEVANS (Richard)